| 000 | 00756nac a22001691u 4500 | ||
|---|---|---|---|
| 008 | 100808s1996ua|||||r|||| 00| 0 ara d | ||
| 020 | _a9770903574 | ||
| 082 |
_a219.3 _bب ش ر |
||
| 100 |
_aالبشري،طارق _917201 |
||
| 245 |
_aالملامح العامة للفكر السياسي الإسلامي في التاريخ المعاصر / _cطارق البشري |
||
| 260 |
_aالقاهرة: _bدار الشروق،1996 _c1996. |
||
| 300 |
_a93 ص ؛ _c24 سم |
||
| 541 | _cشراء؛ | ||
| 650 |
_aالإسلام والإصلاح السياسي _917205 |
||
| 942 |
_cBB _k219.3ب ش ر _2ddc |
||
| 999 |
_c5479 _d5479 |
||